Electromagnetic field theory : (Record no. 17242)

MARC details
000 -LEADER
fixed length control field 01045nam a22003015i 4500
001 - CONTROL NUMBER
control field 17363558
003 - CONTROL NUMBER IDENTIFIER
control field EG-ScBUE
005 - DATE AND TIME OF LATEST TRANSACTION
control field 20250428093913.0
008 - FIXED-LENGTH DATA ELEMENTS--GENERAL INFORMATION
fixed length control field 120627t2013 gw a f b 001 0 eng d
020 ## - INTERNATIONAL STANDARD BOOK NUMBER
International Standard Book Number 9783834817112
040 ## - CATALOGING SOURCE
Original cataloging agency EG-ScBUE
Language of cataloging eng
Description conventions rda
Transcribing agency EG-ScBUE
Modifying agency EG-ScBUE
082 04 - DEWEY DECIMAL CLASSIFICATION NUMBER
Edition number 22
Classification number 530.141
Item number MRO
100 1# - MAIN ENTRY--PERSONAL NAME
Personal name Mrozynski, Gerd,
Relator term author.
9 (RLIN) 32426
245 10 - TITLE STATEMENT
Title Electromagnetic field theory :
Remainder of title a collection of problems /
Statement of responsibility, etc Gerd Mrozynski, Matthias Stallein.
264 #1 - PUBLICATION, DISTRIBUTION, ETC. (IMPRINT)
Place of publication, distribution, etc Wiesbaden :
Name of publisher, distributor, etc Springer Vieweg,
Date of publication, distribution, etc [2013]
264 #4 - PUBLICATION, DISTRIBUTION, ETC. (IMPRINT)
Date of publication, distribution, etc c2013
300 ## - PHYSICAL DESCRIPTION
Extent xii, 272 pages :
Other physical details illustrations ;
Dimensions 24 cm
336 ## - CONTENT TYPE
Source rdacontent
Content type term text
Content type code txt
337 ## - MEDIA TYPE
Source rdamedia
Media type term unmediated
Media type code n
338 ## - CARRIER TYPE
Source rdacarrier
Carrier type term volume
Carrier type code nc
500 ## - GENERAL NOTE
General note Includes Appendices.<br/>
504 ## - BIBLIOGRAPHY, ETC. NOTE
Bibliography, etc Includes bibliographical references and index.<br/>
650 #7 - SUBJECT ADDED ENTRY--TOPICAL TERM
Topical term or geographic name as entry element Electromagnetic theory
General subdivision Mathematics.
9 (RLIN) 32427
Source of heading or term BUEsh
650 #7 - SUBJECT ADDED ENTRY--TOPICAL TERM
Topical term or geographic name as entry element Electromagnetic fields
General subdivision Mathematics.
9 (RLIN) 31400
Source of heading or term BUEsh
655 ## - INDEX TERM--GENRE/FORM
Form subdivision Reading book
700 1# - ADDED ENTRY--PERSONAL NAME
Personal name Stallein, Matthias,
Relator term author.
942 ## - ADDED ENTRY ELEMENTS (KOHA)
Source of classification or shelving scheme Dewey Decimal Classification
Koha item type Book - Borrowing
Holdings
Withdrawn status Lost status Source of classification or shelving scheme Damaged status Not for loan Collection code Home library Current library Shelving location Date acquired Source of acquisition Cost, normal purchase price Serial Enumeration / chronology Total Checkouts Total Renewals Full call number Barcode Date last seen Date checked out Price effective from Koha item type Cost, replacement price
    Dewey Decimal Classification     Alahram Central Library Central Library First floor 06/02/2013   322.00 14152 1 24 530.141 MRO 000027995 15/07/2025 12/02/2013 06/02/2013 Book - Borrowing  
    Dewey Decimal Classification     Alahram Central Library Central Library First floor 15/06/2015 Purchase 322.00 338     530.141 MRO 000038613 15/07/2025     Book - Borrowing 402.50